=LDR 00000nam 2200000 4500 =001 INLIS000000000062424 =005 20230823014240 =035 ##$$a 0010-0823000087 =007 ta =008 230823###########################0###### =082 ##$$a 330.959 65 =084 ##$$a 330.959 65 ANN l =100 #$$a Annisa Maulia Fahmi =245 1#$$a LAPORAN PEREKONOMIAN Porvinsi Nusa Tenggara Barat Februari 2022 /$c Achmad Fauzi =260 ##$$a Mataram :$b Kantor Perwakilan Bank Indonesia Provinsi Nusa Tenggara Barat,$c 2022 =300 ##$$a xv, 80 halaman : $b Ilustrasi ; $c 25 cm =500 ##$$a Index: halaman 78 - 79 =650 #4$$a Ekonomi NTB - Laporan =700 #$$a Halida Rizkina =700 #$$a Maulina Umi Rofiqoh =700 #$$a Yohana Ariesta Amelia =990 ##$$a 215/52/2023